书目信息 |
| 题名: |
流体力学基础上册
|
|
| 作者: | 潘文全 编 | |
| 分册: | ||
| 出版信息: | 北京 机械工业出版社 1980.12 |
|
| 页数: | 323页 | |
| 开本: | 16开 | |
| 丛书名: | ||
| 单 册: | ||
| 中图分类: | TB301-44 | |
| 科图分类: | ||
| 主题词: | 工程材料 | |
| 电子资源: | ||
| ISBN: | ||
| 000 | 00535nam0 2200193 45 | |
| 001 | 0006211560 | |
| 005 | 20000621160103.0 | |
| 010 | @d2.20元 | |
| 100 | @a20000621d1980 km y0chiy0120 ea | |
| 101 | 0 | @achi |
| 105 | @a z 000yy | |
| 200 | 1 | @a流体力学基础上册@ALiu Ti Li Xue Ji Chu Shang Ce@f潘文全编@FPan Wen Quan Bian |
| 210 | @a北京@c机械工业出版社@d1980.12 | |
| 215 | @a323页@d16开 | |
| 606 | 0 | @a工程材料 |
| 690 | @aTB301-44@v3 | |
| 701 | 0 | @a潘文全@4编 |
| 801 | @aCN@bPftUser@c20000621 | |
| 905 | @b209116-117@dTB301-44@eP693@f2 | |
| 流体力学基础上册/潘文全编.-北京:机械工业出版社,1980.12 |
| 323页;16开 |
| ISBN :2.20元 |
| ● |
| 相关链接 |
|
|
|
正题名:流体力学基础上册
索取号:TB301-44/P693
 
预约/预借
| 序号 | 登录号 | 条形码 | 馆藏地/架位号 | 状态 | 备注 |
| 1 | 209116 | 202091164 | 自科库501/ [索取号:TB301-44/P693] | 在馆 | |
| 2 | 209117 | 202091173 | 自科库501/ [索取号:TB301-44/P693] | 在馆 |